<?xml version="1.0" encoding="UTF-8"?>
<record
    xmlns:xsi="http://www.w3.org/2001/XMLSchema-instance"
    xsi:schemaLocation="http://www.loc.gov/MARC21/slim http://www.loc.gov/standards/marcxml/schema/MARC21slim.xsd"
    xmlns="http://www.loc.gov/MARC21/slim">

  <leader>01425nam a22001937a 4500</leader>
  <controlfield tag="001">10019</controlfield>
  <controlfield tag="003">FISKH</controlfield>
  <controlfield tag="005">20260401110725.0</controlfield>
  <controlfield tag="008">260330b        cb ||||| |||| 00| 0 eng d</controlfield>
  <datafield tag="020" ind1=" " ind2=" ">
    <subfield code="a">9787536574373</subfield>
  </datafield>
  <datafield tag="040" ind1=" " ind2=" ">
    <subfield code="a">FISKH</subfield>
    <subfield code="b">chi</subfield>
    <subfield code="c">FISKH</subfield>
    <subfield code="d">FISKH</subfield>
  </datafield>
  <datafield tag="082" ind1=" " ind2=" ">
    <subfield code="a">793</subfield>
  </datafield>
  <datafield tag="100" ind1=" " ind2=" ">
    <subfield code="a">&#x5317;&#x732B;</subfield>
  </datafield>
  <datafield tag="245" ind1=" " ind2=" ">
    <subfield code="a">&#x7C73;&#x5C0F;&#x5708;&#x8111;&#x7B4B;&#x6025;&#x8F6C;&#x5F2F;&#xFF1A;&#x53E4;&#x5821;&#x5927;&#x5192;&#x9669; /</subfield>
    <subfield code="c">&#x5317;&#x732B;</subfield>
  </datafield>
  <datafield tag="300" ind1=" " ind2=" ">
    <subfield code="a">139 pages : </subfield>
    <subfield code="b">color illustrations ;</subfield>
    <subfield code="c">17 cm .</subfield>
  </datafield>
  <datafield tag="520" ind1=" " ind2=" ">
    <subfield code="a">&#x8FD9;&#x672C;&#x4E66;&#x662F;&#x201C;&#x7C73;&#x5C0F;&#x5708;&#x8111;&#x7B4B;&#x6025;&#x8F6C;&#x5F2F;&#x201D;&#x7CFB;&#x5217;&#x4E4B;&#x4E00;&#xFF0C;&#x901A;&#x8FC7;&#x4E00;&#x4E2A;&#x6709;&#x8DA3;&#x7684;&#x5192;&#x9669;&#x6545;&#x4E8B;&#x6765;&#x4E32;&#x8054;&#x4E00;&#x7CFB;&#x5217;&#x7684;&#x8111;&#x7B4B;&#x6025;&#x8F6C;&#x5F2F;&#x9898;&#x76EE;&#xFF0C;&#x65E2;&#x8BA9;&#x5B69;&#x5B50;&#x4EEC;&#x8BFB;&#x6545;&#x4E8B;&#xFF0C;&#x53C8;&#x5728;&#x95EF;&#x5173;&#x7B54;&#x9898;&#x4E2D;&#x953B;&#x70BC;&#x601D;&#x7EF4;&#x80FD;&#x529B;&#x3002;&#x6545;&#x4E8B;&#x7684;&#x4E3B;&#x7EBF;&#x662F;&#xFF1A;&#x7C73;&#x5C0F;&#x5708;&#x7684;&#x597D;&#x670B;&#x53CB;&#x59DC;&#x5C0F;&#x7259;&#x88AB;&#x795E;&#x79D8;&#x7684;&#x9ED1;&#x8863;&#x4EBA;&#x6293;&#x8D70;&#x4E86;&#xFF0C;&#x800C;&#x9ED1;&#x8863;&#x4EBA;&#x5411;&#x7C73;&#x5C0F;&#x5708;&#x4ED6;&#x4EEC;&#x63D0;&#x51FA;&#x4E86;&#x6311;&#x6218;&#x2014;&#x2014;&#x53EA;&#x8981;&#x7B54;&#x5BF9;&#x6240;&#x6709;&#x95EE;&#x9898;&#xFF0C;&#x5C31;&#x653E;&#x8D70;&#x59DC;&#x5C0F;&#x7259;&#x5E76;&#x9001;&#x51FA;&#x5B9D;&#x85CF;&#x3002;&#x7C73;&#x5C0F;&#x5708;&#x548C;&#x4F19;&#x4F34;&#x4EEC;&#x5728;&#x53E4;&#x5821;&#x4E2D;&#x7ECF;&#x5386;&#x4E86;&#x4E09;&#x5173;&#x7D27;&#x6263;&#x3001;&#x9010;&#x7EA7;&#x9012;&#x8FDB;&#x7684;&#x667A;&#x6167;&#x5173;&#x5361;&#xFF0C;&#x7EDE;&#x5C3D;&#x8111;&#x6C41;&#x3001;&#x5F00;&#x52A8;&#x5927;&#x8111;&#xFF0C;&#x6700;&#x7EC8;&#x6210;&#x529F;&#x89E3;&#x7B54;&#x6240;&#x6709;&#x95EE;&#x9898;&#x3002;&#x9ED1;&#x8863;&#x4EBA;&#x5151;&#x73B0;&#x627F;&#x8BFA;&#x653E;&#x4E86;&#x59DC;&#x5C0F;&#x7259;&#xFF0C;&#x5E76;&#x544A;&#x8BC9;&#x4ED6;&#x4EEC;&#xFF1A;&#x201C;&#x771F;&#x6B63;&#x7684;&#x5B9D;&#x85CF;&#x4E0D;&#x662F;&#x5916;&#x7269;&#xFF0C;&#x800C;&#x662F;&#x81EA;&#x5DF1;&#x5927;&#x8111;&#x7684;&#x65E0;&#x9650;&#x6F5C;&#x80FD;&#x3002;&#x201D;&#x540E;&#x6765;&#x624D;&#x53D1;&#x73B0;&#xFF0C;&#x9ED1;&#x8863;&#x4EBA;&#x5176;&#x5B9E;&#x662F;&#x94C1;&#x5934;&#x3001;&#x59DC;&#x5C0F;&#x7259;&#x548C;&#x7C73;&#x5C0F;&#x5708;&#x7684;&#x7238;&#x7238;&#x5047;&#x626E;&#x7684;&#x8FD9;&#x4E00;&#x51FA;&#xFF0C;&#x65E2;&#x4EE4;&#x4EBA;&#x54ED;&#x7B11;&#x4E0D;&#x5F97;&#x53C8;&#x5145;&#x6EE1;&#x8DA3;&#x5473;&#x3002;&#x6574;&#x672C;&#x4E66;&#x901A;&#x8FC7;&#x8F7B;&#x677E;&#x5E7D;&#x9ED8;&#x7684;&#x6545;&#x4E8B;&#x548C;&#x673A;&#x667A;&#x7684;&#x95EE;&#x9898;&#x5F15;&#x5BFC;&#x5C0F;&#x8BFB;&#x8005;&#x62D3;&#x5C55;&#x601D;&#x7EF4;&#xFF0C;&#x5728;&#x7B11;&#x58F0;&#x4E2D;&#x63D0;&#x9AD8;&#x903B;&#x8F91;&#x63A8;&#x7406;&#x80FD;&#x529B;&#x3002;</subfield>
  </datafield>
  <datafield tag="942" ind1=" " ind2=" ">
    <subfield code="2">ddc</subfield>
    <subfield code="c">BOOK</subfield>
    <subfield code="n">0</subfield>
  </datafield>
  <datafield tag="999" ind1=" " ind2=" ">
    <subfield code="c">10019</subfield>
    <subfield code="d">10019</subfield>
  </datafield>
  <datafield tag="952" ind1=" " ind2=" ">
    <subfield code="0">0</subfield>
    <subfield code="1">0</subfield>
    <subfield code="2">ddc</subfield>
    <subfield code="4">0</subfield>
    <subfield code="7">0</subfield>
    <subfield code="8">REF</subfield>
    <subfield code="a">002</subfield>
    <subfield code="b">002</subfield>
    <subfield code="c">LSHTTP</subfield>
    <subfield code="d">2026-03-30</subfield>
    <subfield code="l">0</subfield>
    <subfield code="o">&#x5317;&#x732B; 793</subfield>
    <subfield code="p">2026-0401</subfield>
    <subfield code="r">2026-03-30 12:31:00</subfield>
    <subfield code="w">2026-03-30</subfield>
    <subfield code="y">BK</subfield>
  </datafield>
</record>
